000 00331nam a2200145 a 4500
001 000023992
003 OCoLC
005 20200930022628.0
008 081128s1981 dr 000 0 spa d
040 _aDO-SdBNP
_bspa
_cBNPHU
082 _axxxx
_bxxxx
245 0 _aPlanificación social.
260 _aChile,
_c1981.
049 _aBNPD
999 _c23487
_d23487